| 000 | 00619nam a2200205 a 4500 | ||
|---|---|---|---|
| 001 | BRCA_2821 | ||
| 005 | 20190320204002.0 | ||
| 008 | 091208s1961----mx-a---###---#000-0#spa-# | ||
| 050 | 4 |
_aNA5257.H5 _b.C37 1961 |
|
| 100 | 1 |
_aCarrillo y Gariel, Abelardo _91363 |
|
| 245 | 1 | 0 |
_aIxmiquilpan _bAbelardo Carrillo y Gariel. |
| 260 |
_aMéxico _bINAH _c1961 |
||
| 300 |
_a49 p. _bil. _c23 cm. |
||
| 440 | 0 |
_aINAH Dirección de Monumentos Coloniales _n13 _97913 |
|
| 500 | _aAA21 | ||
| 650 | 1 | 4 |
_aPintura y decoración murales _97914 |
| 651 | 4 |
_aIxmiquilpan, México San Miguel (Iglesia) _97915 |
|
| 902 | _aGFM | ||
| 942 |
_2lcc _cB |
||
| 999 |
_c2561 _d2561 |
||